| 000 | 01791nam a22004577a 4500 | ||
|---|---|---|---|
| 001 | 17256401 | ||
| 003 | OSt | ||
| 005 | 20210227070623.0 | ||
| 008 | 120414r19991997nyuaf 000 0aeng d | ||
| 010 | _a 98092740 | ||
| 020 | _a9780345427052 | ||
| 020 | _a034542705X | ||
| 035 | _a(OCoLC)ocm40435387 | ||
| 040 |
_aIWL _beng _cIWL _dOCL _dXY4 _dBAKER _dBTCTA _dOCLCG _dMU3 _dOCLCQ _dDLC |
||
| 041 | _aeng | ||
| 042 | _alccopycat | ||
| 050 | 0 | 0 | _aCPB Box no. 1447 vol. 11 |
| 080 |
_a821.111 _bR-66 |
||
| 100 | 1 |
_aRoberts, Monty, _d1935- |
|
| 245 | 1 | 4 |
_aThe man who listens to horses / _cMonty Roberts. _b/ by: Ballantine Books |
| 250 | _a1st Ballantine Books edition | ||
| 260 |
_aNew York _bBallantine Books _c1999. |
||
| 300 |
_axlii, 309 p., [16] p. of plates _bill. _c18 cm. |
||
| 365 | _b7.99 usd | ||
| 490 | 0 | _aA Ballantine Book | |
| 490 | 0 | _aBallantine Books | |
| 490 | 0 | _aBallantine Non-Fiction | |
| 500 | _aOriginally published: New York : Random House, 1997. | ||
| 505 | 0 | _aCall of the wild horses -- Growing up with horses -- East of Eden -- Sand-castle syndrome -- Flag Is Up Farms regained -- Deer friends -- Invitation that changed my life -- When a racehorse's worst nightmare is a starting gate. | |
| 520 | _aThis is the story of a young man that learns to communate with horses. | ||
| 600 | 1 | 0 |
_aRoberts, Monty, _d1935- |
| 650 | 0 |
_aHorses _xBehavior. |
|
| 650 | 0 |
_aEnglish literature _9247 |
|
| 650 | 0 |
_aHorses _xTraining. |
|
| 650 | 0 | _aHuman-animal communication. | |
| 653 | _aინგლისური ლიტერატურა | ||
| 710 | 2 |
_aCopyright Paperback Collection (Library of Congress) _5DLC |
|
| 906 |
_a7 _bcbc _ccopycat _d2 _encip _f20 _gy-genrareb |
||
| 942 |
_2udc _cBK _e1 |
||
| 999 |
_c1788 _d1788 |
||